000 01356nam a2200289 a 4500
001 BRCA_2592
005 20190320203900.0
008 281108s1878----fr-a---###---#000-0dspa-u
041 _aspa
044 _afr
084 _a178
_b.376
_c1878
100 1 _aCervantes Saavedra, Miguel de
_d1547-1616
_9213
245 1 0 _aEl Ingenioso Hidalgo Don Quijote de la Mancha
_ccompuesto por Miguel de Cervantes Saavedra.
260 _aParís
_bGarnier hermanos
_c1878
300 _a768 p.
_bil.
_c23 cm.
500 _aContenido : Primera parte. Vida de Cervantes. Dedicatoria del autor. Prólogo del autor. Versos preliminares. Texto.- -- v 2. Segunda parte. Dedicatoria del autor. Prólogo del autor. Texto
500 _aEdición : Edición conforme a la última corregida por la Academia Española con notas para la buena inteligencia del texto
500 _aReproducción de la edición de 1873 de los mismos editores. Semipiel; lomera decorada con filetes y adornos dorados Lúdovik Osterc
500 _aQM172
650 1 4 _aNovela española
_yÉpoca clásica, 1500-1700
_9215
650 1 4 _aLiteratura española
_yÉpoca clásica, 1500-1700
_9216
650 1 4 _aLiteratura española
_ySiglo XVII
_97405
650 1 4 _aDon Quijote (Personaje ficticio)
_eNovela
_9218
740 0 _aEl Ingenioso Hidalgo Don Quijote de la Mancha
902 _aQFM
942 _2lcc
_cB
999 _c2332
_d2332